Microbiology : (Record no. 19112)
[ view plain ]
| 000 -LEADER | |
|---|---|
| fixed length control field | 01146cam a2200349 i 4500 |
| 001 - CONTROL NUMBER | |
| control field | 016621336 |
| 003 - CONTROL NUMBER IDENTIFIER | |
| control field | EG-ScBUE |
| 005 - DATE AND TIME OF LATEST TRANSACTION | |
| control field | 20260318102924.0 |
| 008 - FIXED-LENGTH DATA ELEMENTS--GENERAL INFORMATION | |
| fixed length control field | 140129t2015 nyua f bd 001 0 eng d |
| 020 ## - INTERNATIONAL STANDARD BOOK NUMBER | |
| International Standard Book Number | 9781259255762 (pbk.) |
| 020 ## - INTERNATIONAL STANDARD BOOK NUMBER | |
| International Standard Book Number | 125925576X |
| 040 ## - CATALOGING SOURCE | |
| Original cataloging agency | EG-ScBUE |
| Language of cataloging | eng |
| Description conventions | rda |
| Transcribing agency | EG-ScBUE |
| Modifying agency | EG-ScBUE |
| 082 04 - DEWEY DECIMAL CLASSIFICATION NUMBER | |
| Classification number | 579 |
| Item number | COW |
| Edition number | 22 |
| 100 1# - MAIN ENTRY--PERSONAL NAME | |
| Personal name | Cowan, M. Kelly, |
| 9 (RLIN) | 37471 |
| Relator term | author. |
| 245 10 - TITLE STATEMENT | |
| Title | Microbiology : |
| Remainder of title | a systems approach / |
| Statement of responsibility, etc | Marjorie Kelly Cowan, Miami University. |
| 250 ## - EDITION STATEMENT | |
| Edition statement | Fourth edition. |
| 250 ## - EDITION STATEMENT | |
| Edition statement | McGraw-Hill international edition. |
| 264 #1 - PUBLICATION, DISTRIBUTION, ETC. (IMPRINT) | |
| Place of publication, distribution, etc | New York, NY : |
| Name of publisher, distributor, etc | McGraw-Hill Education, |
| Date of publication, distribution, etc | [2015] |
| 264 #4 - PUBLICATION, DISTRIBUTION, ETC. (IMPRINT) | |
| Date of publication, distribution, etc | c2015 |
| 300 ## - PHYSICAL DESCRIPTION | |
| Extent | 1 volume (various pagings) : |
| Other physical details | color illustrations ; |
| Dimensions | 28 cm |
| 336 ## - CONTENT TYPE | |
| Source | rdacontent |
| Content type term | text |
| Content type code | txt |
| 337 ## - MEDIA TYPE | |
| Media type term | unmediated |
| Source | rdamedia |
| Media type code | n |
| 338 ## - CARRIER TYPE | |
| Carrier type term | volume |
| Carrier type code | nc |
| Source | rdacarrier |
| 500 ## - GENERAL NOTE | |
| General note | Includes appendixes. |
| 500 ## - GENERAL NOTE | |
| General note | Includes glossary. |
| 500 ## - GENERAL NOTE | |
| General note | Previous edition : 2012. |
| 504 ## - BIBLIOGRAPHY, ETC. NOTE | |
| Bibliography, etc | Includes bibliographical references and index.<br/> |
| 650 #7 - SUBJECT ADDED ENTRY--TOPICAL TERM | |
| Topical term or geographic name as entry element | Microbiology. |
| 9 (RLIN) | 23968 |
| Source of heading or term | BUEsh |
| 653 ## - INDEX TERM--UNCONTROLLED | |
| Resource For college | Pharmacy |
| Arrived date list | March2015 |
| 655 ## - INDEX TERM--GENRE/FORM | |
| Form subdivision | Reading book |
| 9 (RLIN) | 33728 |
| 942 ## - ADDED ENTRY ELEMENTS (KOHA) | |
| Source of classification or shelving scheme | Dewey Decimal Classification |
| Koha item type | Book - Borrowing |
| Withdrawn status | Lost status | Source of classification or shelving scheme | Damaged status | Not for loan | Collection code | Home library | Current library | Shelving location | Date acquired | Source of acquisition | Cost, normal purchase price | Total Checkouts | Full call number | Barcode | Date last seen | Cost, replacement price | Koha item type | Price effective from |
|---|---|---|---|---|---|---|---|---|---|---|---|---|---|---|---|---|---|---|
| Dewey Decimal Classification | Baccah | Central Library | Central Library | First floor | 24/03/2015 | 270.00 | 579 COW | 000037756 | 15/07/2025 | 338.00 | NB - Book (Non borrowing) | |||||||
| Dewey Decimal Classification | Baccah | Central Library | Central Library | First floor | 24/03/2015 | 579 COW | 000037757 | 15/07/2025 | Book - Borrowing | 24/03/2015 | ||||||||
| Dewey Decimal Classification | Baccah | Central Library | Central Library | First floor | 24/03/2015 | 579 COW | 000037758 | 15/07/2025 | Book - Borrowing | 24/03/2015 | ||||||||
| Dewey Decimal Classification | Baccah | Central Library | Central Library | First floor | 24/03/2015 | 579 COW | 000037759 | 15/07/2025 | Book - Borrowing | 24/03/2015 | ||||||||
| Dewey Decimal Classification | Baccah | Central Library | Central Library | First floor | 24/03/2015 | 579 COW | 000037760 | 15/07/2025 | Book - Borrowing | 24/03/2015 | ||||||||
| Dewey Decimal Classification | Baccah | Central Library | Central Library | First floor | 24/03/2015 | 579 COW | 000037761 | 15/07/2025 | Book - Borrowing | 24/03/2015 | ||||||||
| Dewey Decimal Classification | Baccah | Central Library | Central Library | First floor | 24/03/2015 | 579 COW | 000037762 | 15/07/2025 | Book - Borrowing | 24/03/2015 | ||||||||
| Dewey Decimal Classification | Baccah | Central Library | Central Library | First floor | 24/03/2015 | 579 COW | 000037763 | 15/07/2025 | Book - Borrowing | 24/03/2015 | ||||||||
| Dewey Decimal Classification | Baccah | Central Library | Central Library | First floor | 24/03/2015 | 579 COW | 000037764 | 15/07/2025 | Book - Borrowing | 24/03/2015 | ||||||||
| Dewey Decimal Classification | Baccah | Central Library | Central Library | First floor | 24/03/2015 | 579 COW | 000037765 | 15/07/2025 | Book - Borrowing | 24/03/2015 |